Loading...

Concepts of modern physics

Bibliographic Details
Main Author: Beiser, Arthur
Format: Printed Book
Published: McGraw-Hill Book Co., New York 2004
Edition:6
Subjects:
LEADER 00521nam a2200193 4500
020 |a 9780070495531  |c 275 
082 |a 539 BEI-C6 
100 |a Beiser, Arthur 
245 |a Concepts of modern physics 
250 |a 6 
260 |a McGraw-Hill Book Co., New York  |c 2004 
300 |a 542 
490
500
590 |a rvr  |c 275 
650 |a Modern physics 
942 |c BK 
999 |c 84233  |d 84233 
952 |0 0  |1 0  |4 0  |6 539_000000000000000_BEIC6  |7 0  |9 97701  |a PHY  |b PHY  |g 275.00  |l 0  |o 539 BEI-C6  |p PHY05891  |r 2019-09-24  |w 2019-09-24  |y BK